Undergraduate Engineering Mathematics-I (Record no. 153)
[ view plain ]
| 000 -LEADER | |
|---|---|
| Fixed length control field | 00493nam a2200181 4500 |
| 003 - CONTROL NUMBER IDENTIFIER | |
| Control field | SEACOMMC |
| 005 - DATE AND TIME OF LATEST TRANSACTION | |
| Control field | 20231011103800.0 |
| 008 - FIXED-LENGTH DATA ELEMENTS--GENERAL INFORMATION | |
| Fixed length control field | 231011b |||||||| |||| 00| 0 eng d |
| 020 ## - INTERNATIONAL STANDARD BOOK NUMBER / ISBN | |
| Price | Rs. 150.00 |
| 040 ## - CATALOGING SOURCE | |
| Original cataloging agency | SEACOMMC |
| 082 ## - DEWEY DECIMAL CLASSIFICATION NUMBER | |
| Classification number | 510.02462 |
| Book Number | JAN |
| 100 1# - MAIN ENTRY--PERSONAL NAME | |
| Personal name | Jana, Chinmoy |
| 245 1# - TITLE STATEMENT | |
| Title | Undergraduate Engineering Mathematics-I |
| Statement of responsibility | Chinmoy Jana and Sanchita Pal Choudhury |
| 260 ## - IMPRINT | |
| Place of publication | New Delhi |
| Name of publisher | Vikas |
| Date of publication | 2004 |
| 650 ## - SUBJECT ADDED ENTRY--TOPICAL TERM | |
| Topical term | Mathematics |
| 700 1# - ADDED ENTRY--PERSONAL NAME | |
| Personal name | Pal Choudhury, Sanchita |
| 942 ## - ADDED ENTRY ELEMENTS (KOHA) | |
| Koha item type | Books |
No items available.
